Statistiques concernant Première domestication des animaux

Cliquez ici pour prendre le quiz!

Statistiques générales

  • Ce quiz a été pris 188 fois
  • Le résultat moyen est 9 sur 15

Statistiques - réponses

QuandAnimal domestique% Correct
13000 av.Chien
100%
8000 - 7500 av.Chat
99%
3500 av.Cheval
92%
8000 av.Bétail
91%
6000 av.Poulet
86%
9000 - 8500 av.Mouton
80%
9000 av.Porc
79%
10000 av.Chèvre
74%
5000 av.Âne
53%
4000 av.Canard
47%
4000 av.Chameau
35%
5000 av.Cochon d'Inde
19%
4000 av.Buffle domestique
15%
4000 av.Abeille
10%
8000 av.Zébu
10%

Distribution des résultats

Percentile par nombre de réponses

% des personnes avec chaque résultat

Votre développement - résultats

Vous n’avez pas pris ce quiz